01012cam a22002415a 45000010009000000050017000090080041000260200018000670400033000850820021001181000023001392450056001622600042002183000035002605000020002956500044003156500035003596530024003947760181004189420008005999990017006079520146006241780340620170102142837.0130708s2015 enka fr 001 0 eng d a9781118555163 aDLCbengcDLCdDLCdEG-ScBUE04222a690.068bCOO1 aCooke, B.q(Brian)10aManagement of construction projects /cBrian Cooke. aChichester :bWiley-Blackwell,c2015. aviii, 294 p. :bill. ;c25 cm. aIncludes index. 7aBuildingxSuperintendence.2BUEsh99209 0aBuildingvCase studies.2BUEsh bBUSADMcJanuary201708iOnline version:aCooke, B. (Brian)tManagement of construction projectsdChichester, West Sussex, United Kingdom : John Wiley & Sons Inc., 2013z9781118555149w(DLC) 2013027663 2ddc c23792d23764 00102ddc40708AcademicaMAINbMAINc1STd2017-01-02ePurchaseg520.00h2000090l0o690.068 COOp000040705r2025-07-15 00:00:00v650.00yBB